Les featurings de Leto - Statistiques

Statistiques générales
  • Ce quiz a été pris 240 fois
    150 depuis la dernière actualisation
  • Le résultat moyen est 35 sur 124
Statistiques - réponses
Départment Artistes Sons % Correct
91 Ninho Crésus (2016), Avon Barksdale (2018), Tes parents (2019), Point de vente (2019), Double binks (2020), Macaroni (2020), Vie de star (2021), La vie du binks (2021), 187 mesures (2023)
100%
Unknown The S Romantique (2018), Wow (2018), Ça pue la rue (2020)
96%
93 Gazo Big Meech (2021), No Lèche (2023), Dans le noir (2023)
94%
91 Niska Nouveaux riches (2020)
93%
93 Tiakola Kiffe la mode (2019), Biberon (2020), Mapessa (2021), God Bless (2023)
93%
75 Guy2Bezbar La Calle 4 (2021), Trop frais (2022), Sugar Daddy (2022), Fais de l'argent (2022), Jusqu'aux étoiles (2022)
83%
Unknown Beendo Z Money Amor (2023)
82%
BEL Hamza Benzo (2021), Ouais Ouais (2021)
78%
91 Koba LaD Barrio (2022), Immonde (2023)
78%
92 SDM Tchapalo (2022), Sur le banc (2023)
77%
95 Favé No Lèche (2023)
76%
60 Naza Kiffe la mode (2019)
73%
92 PLK Train de vie (2020)
72%
13 Tayc Ride (2020), L E A K (2021)
72%
92 Kerchak No Lèche (2023)
69%
75 Franglish Biberon (2020), Overbooké (2022)
68%
93 Maes Derrière nos tours (2021)
68%
75 Kepler A qui (2018), Point de vente (2019), Gang **** #7 (2020), SARKOZY (2021), Full Black (2021) Guedin (2021), Puissant (2021), Truc en moi (2021), 2K22 (2022)
65%
92 Booba Charbon (2020)
64%
75 Cheu-B Sous Mes Draps (2016), Légendaires (2016), Boston George (2017), Romantique (2018), Dsquared (2018), Ultimate Trap (2019), Splash (2019), Bâtiment (2019), Guedin (2021), Boss (2021), Puissant (2021), Truc en moi (2021)
63%
13 SCH La vie du binks (2021)
62%
75 MHD Christian Dior (2021)
61%
93 Zed Double binks (2020)
61%
94 Rim'K Tu déconnes (2019), Benzo (2021)
53%
77 RK C'est mort (2020), Rock n Puff (2022)
53%
93 DA Uzi Pdv (2019), La vie du binks (2021), Top Boy (2021)
50%
94 Lacrim Big Meech (2020), Big Money (2020)
48%
93 Sadek Pure (2019), La vie du binks (2021), Top Boy (2021)
48%
91 Zola Ma jolie (2020)
48%
ALG Soolking T'es allée où? (2020)
45%
93 Hornet la Frappe C'est mort (2020), La vie du binks (2021)
43%
94 Rsko God Bless (2023)
41%
67 Larry Double L (2021)
38%
93 Rémy Alibi (2019)
38%
93 Timal Week-end (2020)
38%
94 Hös Copperfield Après la pluie (2020)
37%
75 Gims CÔTÉ NOIR (2021)
36%
94 Chily Bébé Na Bébé (2022)
35%
91 Gambino LaMG Double Hook (2021)
33%
94 Kaza Pour un jeu (2019), Un peu d'amour (2022)
33%
13 Soprano La vie du binks (2021)
33%
Unknown Still Fresh BÂTIMENT (2019)
33%
93 4Keus Hood (2018), Flashback (2020)
31%
93 Dinos Le nord se souvient (2020), O.G. (2022)
31%
US Ed Sheeran 2step (2022)
31%
91 Mig Dans nos blocks (2022)
29%
13 Soso Maness Favel (2023)
29%
59 ZKR HLM (2021)
29%
13 Alonzo Bonne (2020)
28%
91 Bolémvn Banlieusards de Paname (2021), La recette (2021)
28%
60 KeBlack Cochonne (2021)
28%
91 Kodes Ultimate Trap (2019), Bipolaire (2021)
28%
Unknown Douma Kalash Bâtiments (2022)
27%
45 Dosseh N'écoute pas tes copines (2022)
26%
94 Fresh laDouille 0.9 (2021)
25%
18 Josman Mauvaise humeur (2020)
23%
93 Liim's Mec du bendo (2020)
23%
Unknown Junior Bvndo Cash N Kush (2019)
22%
Unknown Aero La mélodie des halls (2020)
21%
Unknown Genezio G'en reviens pas (2023)
21%
75 S.Pri Noir Mannequin (2020), YSL (2021)
21%
BEL Frenetik Enfant du Bendo (2021)
20%
Unknown Kingzer Gaine D 2.0 (2019)
19%
Unknown Black D Boston George (2017), Enfant de la rue (2022), Sauvage (2023)
18%
243 Fally Ipupa Sugar Daddy (2022)
18%
75 Lefa Incassable (2020)
18%
Unknown Yaro BÂTIMENT (2019), Bad Bitch (2020)
18%
94 Cinco Ultimate Trap (2019), Four (2020)
17%
BEL Gotti Maras Bx Drill 5 (2021)
17%
91 Bramsito Jolie madame (2020)
16%
Unknown Ikaz Boi SI TU SAVAIS (2019)
16%
Unknown Joé Dwèt Filé Baby girl (2022), Jay-Z Beyonce (2022)
15%
Unknown Saamou Skuu French Drill 8 (2023)
15%
Unknown Chanel Conte de fée (2022)
14%
Unknown Coyote Jo Bastard Daddy (2016), Shoot (2020)
14%
77 Negrito Étapes (2022)
14%
95 Key Largo Jour et nuit (2020)
13%
93 GLK Oseille (2017)
12%
Unknown Ismo Z17 Méchant bandit dans l'action (2018), Negro (2018), Récidive (2019), Tendances (2019), Pinocchio (2019)
12%
13 100 Blaze Ultimate Trap (2019)
11%
31 Bigflo & Oli La familia (2022)
11%
75 Dinor rdt Benef (2019)
11%
93 Mac Tyer Nos quartiers (2021)
11%
ITA Sfera Ebbasta Daddy (2016)
10%
93 CG6 C.L.S. (2020)
9%
Unknown Guizmo Hall Black (2020)
9%
91 Kpoint En bas (2020)
9%
Unknown TVSLYM Mister Money (2024)
9%
93 Dinero Zipette (2020)
8%
Unknown Kore On ira loin (2021)
8%
93 Q.E Favelas La mélodie du bonchar (2020)
8%
243 Ya Levis YSL (2021)
8%
Unknown BRVMSOO Far West (2019)
7%
Unknown DJ Quick La recette (2021)
7%
Unknown Waïv MENTALITÉ SOLIDE (2023)
7%
Unknown Winterfell SARKOZY (2021)
7%
Unknown Jack Mess Sous Mes Draps (2016)
6%
Unknown ALP Charbon (2022)
5%
Unknown Capo Plaza Air Force (2022)
5%
Unknown CKay Ma chérie (2022)
5%
Unknown GAULOIS Cagoulé (2022)
5%
Unknown Mel Allez (2019)
5%
Unknown Cirfa Sous Mes Draps (2016), Bâtiment (2019)
4%
75 Jok'air Jeune papa (2019)
4%
13 SAF WINDOW SHOPPER (2023)
4%
Unknown ADK Gova (2018)
3%
Unknown Arka Minuit (2018)
3%
Unknown Elh Kmer 2 places (2022)
3%
Unknown Guele d'Ange En pétard (2020), Champagne (2022)
3%
06 Kayna Samet Quelle vie (2022)
3%
Unknown Lamatrix VDM (2024)
3%
Unknown Squadra Baby (2022)
3%
Unknown Sadjo Sous Mes Draps (2016), Bâtiment (2019)
2%
Unknown Agrüm On fait pas semblant (2017)
1%
Unknown Charnel On fait pas semblant (2017)
1%
Unknown Irvin Mauvaise influence (2018)
1%
Unknown Kino Por Favor (2018)
1%
Unknown Kitsune Kendra Jeune papa (2019)
1%
Unknown MPR Ko forcer te (2022)
1%
Unknown patron drg Point de vente (2019)
1%
Unknown Volts Face Wow (2018)
1%
Unknown Binkz Beatz Pull Up (2019)
0%
Unknown Myth Syzer Non stop (2018)
0%
Unknown Trapboy Double Bang 2 (2018)
0%
Aucun quiz correspondant
Distribution des résultats
% des personnes avec chaque résultat
Percentile par nombre de réponses
Votre historique - résultats
Vous n’avez pas pris ce quiz depuis la dernière actualisation